[Event "Cambridge Int Open 2023"]
[Site "Cambridge ENG"]
[Date "2023.02.18"]
[Round "8.40"]
[White "Norris, Anthony"]
[Black "Kaushik, Madhav"]
[Result "0-1"]
[WhiteElo "1917"]
[BlackElo "1443"]
[WhiteFideId "2077779"]
[BlackFideId "499986"]
[EventDate "2023.02.15"]

1. e4 c5 2. c3 Nf6 3. e5 Nd5 4. d4 cxd4 5. Nf3 d6 6. cxd4 Nc6 7. Bc4 Nb6 8. Bb5
e6 9. O-O Be7 10. Nc3 O-O 11. Qe2 Bd7 12. Rd1 a6 13. Bd3 Nb4 14. Bb1 Bc6 15. a3
N4d5 16. Ne4 Bb5 17. Qc2 Rc8 18. Nc5 g6 19. exd6 Bxd6 20. Bh6 Re8 21. Qe4 Nf6
22. Qe1 Qc7 23. Ne4 Be7 24. Ba2 Nbd5 25. Ne5 Bf8 26. Bd2 b6 27. Rdc1 Qb7 28. Ng5
Re7 29. Rxc8 Qxc8 30. Rc1 Qb7 31. f3 Be8 32. Qh4 h6 33. Ne4 Bg7 34. Bxh6 Rc7 35.
Re1 Rc2 36. Nd6 Qe7 37. Nxe8 Qxe8 38. Bxg7 Kxg7 39. Bxd5 Nxd5 40. Ng4 Qh8 41.
Qg3 Rxb2 42. Qe5+ Kh7 43. Qd6 Qc8 44. Qg3 Qc2 45. h4 Qd2 46. Kh2 Nf4 47. Nf6+
Kh8 48. Qg5 Qxg2+ 49. Qxg2 Rxg2+ 50. Kh1 Ra2 51. Re4 Nd3 52. Kg1 Rxa3 53. h5 Kg7
54. Ne8+ Kh6 55. hxg6 Kxg6 56. Kg2 b5 57. Nc7 b4 58. d5 exd5 59. Nxd5 b3 0-1

[Event "Cambridge Int Open 2023"]
[Site "Cambridge ENG"]
[Date "2023.02.18"]
[Round "8.42"]
[White "Matthews, Adrian M S"]
[Black "Kent, Rowan"]
[Result "1-0"]
[WhiteElo "1781"]
[BlackElo "1247"]
[WhiteFideId "413631"]
[BlackFideId "460931"]
[EventDate "2023.02.15"]

1. e4 e5 2. Nf3 Nc6 3. Bb5 a6 4. Ba4 Nf6 5. O-O b5 6. Bb3 Be7 7. d3 d6 8. c3 O-O
9. h3 h6 10. Re1 Bb7 11. Nbd2 Re8 12. Nf1 Bf8 13. Ne3 Na5 14. Bc2 d5 15. exd5
Nxd5 16. Ng4 f6 17. Nh4 Qd7 18. Bd2 c5 19. c4 Nb4 20. Bxb4 cxb4 21. cxb5 axb5
22. Ne3 Qd4 23. Nhf5 Qxb2 24. Qg4 Kh7 25. d4 Kh8 26. Qg6 e4 27. d5 Rad8 28. d6
Bc8 29. Ne7 Bxe7 30. Bxe4 Kg8 31. Qh7+ Kf8 32. Bd5 Bxd6 33. Qg8+ Ke7 34. Qf7# 1-0

[Event "Cambridge Int Open 2023"]
[Site "Cambridge ENG"]
[Date "2023.02.18"]
[Round "8.43"]
[White "Rastogi, Nayan Keats"]
[Black "Gardner, Phillip K"]
[Result "1/2-1/2"]
[WhiteElo "1421"]
[BlackElo "1814"]
[WhiteFideId "343407579"]
[BlackFideId "413690"]
[EventDate "2023.02.15"]

1. e4 c5 2. c3 b6 3. d4 Bb7 4. Bd3 Nf6 5. Qe2 cxd4 6. cxd4 Nc6 7. Nf3 Nb4 8. Nc3
Nxd3+ 9. Qxd3 e6 10. O-O Bb4 11. e5 Nd5 12. Nxd5 Bxd5 13. Bd2 Be7 14. Rfc1 Rc8
15. Be3 h6 16. Nd2 Rxc1+ 17. Rxc1 Qa8 18. f3 O-O 19. Ne4 Rc8 20. Rxc8+ Qxc8 21.
Qc3 Qa6 22. a3 1/2-1/2

[Event "Cambridge Int Open 2023"]
[Site "Cambridge ENG"]
[Date "2023.02.18"]
[Round "8.45"]
[White "Keerthi Kumar, Advait"]
[Black "Hertog, Alexander"]
[Result "1-0"]
[WhiteElo "1483"]
[BlackElo "1641"]
[WhiteFideId "498033"]
[BlackFideId "488453"]
[EventDate "2023.02.15"]

1. e4 c6 2. d4 d5 3. e5 c5 4. c3 Nc6 5. h3 e6 6. Nf3 Nge7 7. Bd3 Ng6 8. O-O Be7
9. Be3 cxd4 10. cxd4 O-O 11. Nc3 a6 12. Bxg6 hxg6 13. Rc1 Bd7 14. g3 Rc8 15. h4
Na5 16. Bg5 b5 17. Kg2 b4 18. Ne2 Rxc1 19. Nxc1 f6 20. exf6 gxf6 21. Bf4 Kf7 22.
Qc2 Qc8 23. Qb1 Rh8 24. Nd3 Be8 25. Rc1 Nc6 26. Qc2 g5 27. Bxg5 Qb8 28. Bf4 Bd6
29. Bxd6 Qxd6 30. Nf4 Ke7 31. Re1 Bf7 32. Qf5 Qd7 33. Nxd5+ 1-0

[Event "Cambridge Int Open 2023"]
[Site "Cambridge ENG"]
[Date "2023.02.18"]
[Round "8.46"]
[White "Catabay, Mae Katelyn Rose"]
[Black "Lazarevic, Ljubica"]
[Result "0-1"]
[WhiteElo "1525"]
[BlackElo "1495"]
[WhiteFideId "484768"]
[BlackFideId "418765"]
[EventDate "2023.02.15"]

1. e4 e6 2. d4 d5 3. exd5 exd5 4. Nf3 Bd6 5. Bd3 Nf6 6. O-O O-O 7. Bg5 Bg4 8.
Nbd2 Nbd7 9. Re1 c6 10. Nf1 Qb6 11. Rb1 Bxf3 12. Qxf3 Qxd4 13. Qh3 Qg4 14. Qxg4
Nxg4 15. Bf5 Ngf6 16. Bxd7 Nxd7 17. Be7 Bxe7 18. Rxe7 Rfd8 19. Ng3 Rab8 20. Rbe1
Kf8 21. Nf5 Nc5 22. R7e3 g6 23. Nd4 Re8 24. f3 Rxe3 25. Rxe3 Re8 26. Ra3 a6 27.
Kf2 Re7 28. b4 Nd7 29. Ra5 Nb6 30. Ra3 Ke8 31. Rc3 Kd7 32. h3 Kd6 33. Nb3 Nc4
34. Nc5 a5 35. Ne4+ dxe4 36. Rxc4 e3+ 37. Ke2 axb4 38. Rxb4 Kc5 39. Rb3 Kc4 40.
a4 f5 41. Ra3 f4 42. a5 g5 43. h4 h6 44. a6 bxa6 45. Rxa6 Kb5 46. Ra8 Rd7 47.
hxg5 hxg5 48. Rg8 Rd5 49. Ke1 Kc4 50. Rc8 c5 51. Ra8 Kc3 52. Ra2 Rd2 0-1

[Event "Cambridge Int Open 2023"]
[Site "Cambridge ENG"]
[Date "2023.02.18"]
[Round "8.49"]
[White "Catabay, Rezin C"]
[Black "Hariharan, Shambavi"]
[Result "1/2-1/2"]
[WhiteElo "1597"]
[BlackElo "1491"]
[WhiteFideId "487686"]
[BlackFideId "488160"]
[EventDate "2023.02.15"]

1. e4 c6 2. d4 d5 3. e5 c5 4. c3 cxd4 5. cxd4 Nc6 6. Nc3 a6 7. g3 Bf5 8. a3 e6
9. Bg2 Qb6 10. Nge2 Nge7 11. O-O Bg4 12. h3 Bxe2 13. Nxe2 Nf5 14. Kh1 Be7 15. g4
Nh4 16. Ng3 Nxg2 17. Kxg2 Qxd4 18. Qxd4 Nxd4 19. f4 O-O 20. f5 Bh4 21. f6 Bxg3
22. Kxg3 Ne2+ 23. Kh4 Nxc1 24. fxg7 Kxg7 25. Raxc1 Rac8 26. b3 Rfd8 27. Rfd1 b5
28. Kg5 a5 29. h4 b4 30. Rxc8 Rxc8 31. axb4 axb4 32. Rd4 Rb8 33. Kf4 h6 34. g5 1/2-1/2

[Event "Cambridge Int Open 2023"]
[Site "Cambridge ENG"]
[Date "2023.02.18"]
[Round "8.50"]
[White "Pride, Stephen C"]
[Black "Zhu, Pengxiao"]
[Result "1/2-1/2"]
[WhiteElo "1533"]
[BlackElo "1437"]
[WhiteFideId "419680"]
[BlackFideId "499307"]
[EventDate "2023.02.15"]

1. d4 d5 2. Bf4 Nf6 3. Nc3 c5 4. e3 cxd4 5. exd4 a6 6. Bd3 Nc6 7. Nge2 Bg4 8. f3
Bh5 9. a3 e6 10. Qd2 Bd6 11. Bg3 O-O 12. O-O Rc8 13. Nd1 e5 14. dxe5 Nxe5 15. c3
Re8 16. Kh1 Bg6 17. Bxg6 hxg6 18. Bxe5 Bxe5 19. Nf2 Qb6 20. Nd3 Bc7 21. Nd4 Qd6
22. g3 Bb6 23. Rae1 Bxd4 24. cxd4 Nd7 25. Rxe8+ Rxe8 26. Re1 Rc8 27. Rc1 Rc4 28.
Rxc4 dxc4 29. Nf4 g5 30. Ne2 Qd5 31. Qe3 Nf6 32. Nc3 Qf5 33. Kg2 g4 34. f4 Qc2+
35. Qe2 Qxe2+ 36. Nxe2 Kf8 37. Nc3 Ke7 38. Kf2 Ke6 39. Ke3 Nd5+ 40. Kd2 Nxc3 41.
bxc3 Kd5 42. a4 f5 43. Kc2 Kc6 44. Kb2 g6 45. Ka3 a5 1/2-1/2

[Event "Cambridge Int Open 2023"]
[Site "Cambridge ENG"]
[Date "2023.02.18"]
[Round "8.51"]
[White "Li, Reya"]
[Black "Swanson, George"]
[Result "1-0"]
[WhiteElo "1474"]
[BlackElo "1792"]
[WhiteFideId "486892"]
[BlackFideId "343413889"]
[EventDate "2023.02.15"]

1. e4 c6 2. d4 d5 3. exd5 cxd5 4. Nf3 Nc6 5. c4 Nf6 6. Nc3 e6 7. a3 Be7 8. c5
Ne4 9. Qc2 f5 10. Bf4 g5 11. Be5 Rg8 12. Bb5 Kf7 13. Bxc6 bxc6 14. h3 Bb7 15. g4
Qc8 16. Nd2 Bf6 17. Ncxe4 dxe4 18. Nc4 Bxe5 19. dxe5 Ke7 20. Nd6 Qc7 1-0

[Event "Cambridge Int Open 2023"]
[Site "Cambridge ENG"]
[Date "2023.02.18"]
[Round "8.52"]
[White "Weersing, Nathan"]
[Black "Turner, David J"]
[Result "0-1"]
[WhiteElo "1451"]
[BlackElo "1762"]
[WhiteFideId "467936"]
[BlackFideId "419737"]
[EventDate "2023.02.15"]

1. e4 d6 2. d4 Nf6 3. Nc3 c6 4. Nf3 Qc7 5. Bg5 Nbd7 6. Bd3 e5 7. dxe5 dxe5 8. a3
h6 9. Bh4 Be7 10. Qd2 g5 11. Bg3 Nh5 12. h4 g4 13. Nh2 Nxg3 14. fxg3 h5 15. Rf1
Nc5 16. O-O-O Be6 17. Qf2 Qa5 18. Be2 b5 19. Nxg4 hxg4 20. Bxg4 Rf8 21. Bh5 b4
22. Nb1 bxa3 23. Nxa3 Rb8 24. Qf3 Na4 25. Bg4 Bxa3 26. Qxa3 Bxg4 27. Qd6 Qb6 28.
Qxe5+ Be6 29. b3 Nc5 30. Rf6 a5 31. Rd6 Ke7 32. g4 Rbd8 33. Rxd8 Rxd8 34. Rf3
Rg8 35. g5 Nd7 36. Qc3 Qg1+ 37. Kb2 Qxg2 38. Rd3 Qxe4 39. Qxa5 Qe5+ 40. Qc3
Qxc3+ 41. Kxc3 Rh8 42. Rd4 Ne5 43. Kb4 Nf3 44. Re4 Rxh4 45. Rxh4 Nxh4 46. Kc5
Bd7 47. c4 Nf3 48. b4 Nxg5 49. b5 cxb5 50. cxb5 Bxb5 51. Kxb5 Ke6 52. Kc4 Ke5
53. Kd3 f5 54. Ke3 f4+ 55. Kf2 Ke4 56. Ke2 Nh3 57. Kf1 Kf3 58. Ke1 Kg2 0-1

[Event "Cambridge Int Open 2023"]
[Site "Cambridge ENG"]
[Date "2023.02.19"]
[Round "9.31"]
[White "Bowers, Francis J"]
[Black "Dasgupta, Avyukt"]
[Result "1/2-1/2"]
[WhiteElo "1855"]
[BlackElo "1888"]
[EventDate "2023.02.15"]

1. e4 e6 2. d4 d5 3. Nc3 dxe4 4. Nxe4 Bd7 5. Nf3 Bc6 6. Bd3 Nd7 7. O-O Ngf6
8. Re1 Be7 9. c3 O-O 10. Qc2 Nxe4 11. Bxe4 Bxe4 12. Qxe4 c6 13. Ne5 Bf6 14.
Bf4 Nb6 15. Ng4 Qd5 16. Qe3 Qf5 17. Qg3 1/2-1/2

[Event "Cambridge Int Open 2023"]
[Site "Cambridge ENG"]
[Date "2023.02.19"]
[Round "9.16"]
[White "Anand, Batsukh"]
[Black "Hobson, Kenneth"]
[Result "1/2-1/2"]
[WhiteElo "2197"]
[BlackElo "2051"]
[EventDate "2023.02.15"]

1. d4 Nf6 2. c4 e6 3. Nf3 d5 4. g3 Be7 5. Bg2 O-O 6. Qc2 c6 7. Bf4 Nbd7 8.
h4 h6 9. Nbd2 b6 10. O-O Ba6 11. b3 Rc8 12. e4 c5 13. exd5 exd5 14. Rfe1 b5
15. cxb5 Bxb5 16. Rac1 Nb6 17. Qb2 Nfd7 18. Bh3 Bf6 19. a4 Bc6 20. Bd6 Re8
21. Rxe8+ Qxe8 22. Bxc5 Nxc5 23. Rxc5 Bd7 24. Bxd7 Qxd7 25. Qc2 Re8 26. a5
Nc8 27. Kg2 Ne7 28. Qd3 Qg4 29. Qe3 Rd8 30. Rc7 Nf5 31. Qd3 Nxd4 32. Nxd4
Qxd4 33. Qxd4 Bxd4 34. Nf3 Bf6 35. Rxa7 Rb8 36. Rd7 Rxb3 37. Rxd5 Rb4 38.
h5 Kf8 39. Rd7 Ra4 40. Ra7 Ra2 41. a6 Bd8 42. Ne5 f6 43. Nc6 Bb6 44. Ra8+
Kf7 45. a7 Bxf2 46. Kh3 f5 47. Kg2 Bc5+ 48. Kf1 Kf6 49. Ke1 Bxa7 50. Rxa7
Rxa7 51. Nxa7 Kg5 52. Kf2 f4 53. gxf4+ Kxf4 54. Nc6 Kg5 55. Kf3 Kxh5 56.
Ne5 Kg5 57. Kg3 Kf5 58. Nf3 g5 59. Nh4+ gxh4+ 1/2-1/2

[Event "Cambridge Int Open 2023"]
[Site "Cambridge ENG"]
[Date "2023.02.19"]
[Round "9.13"]
[White "Krivenko, Dion"]
[Black "Bazakutsa, Svyatoslav"]
[Result "0-1"]
[WhiteElo "2155"]
[BlackElo "2330"]
[EventDate "2023.02.15"]

1. e4 c5 2. Nf3 Nc6 3. Bb5 e6 4. O-O Nd4 5. Nxd4 cxd4 6. c3 a6 7. Ba4 Bc5
8. Qh5 Ba7 9. d3 Nf6 10. Qh4 h6 11. e5 Nd5 12. Qg3 Kf8 13. cxd4 Bxd4 14.
Nd2 Ne7 15. Nf3 Ba7 16. d4 b5 17. Bc2 Bb7 18. Be3 g6 19. h4 Nf5 20. Bxf5
exf5 21. Ne1 Kg7 22. Nd3 Qe7 23. Nf4 Kh7 24. Rfe1 Bb8 25. Rac1 Rg8 26. Nh3
Rh8 27. Rcd1 a5 28. Bc1 Bd5 29. b3 Ra6 30. Bb2 d6 31. Nf4 Be4 32. f3 dxe5
33. fxe4 exf4 34. Qf3 fxe4 35. Rxe4 Qxh4 36. Rde1 Bd6 37. Bc1 Rf8 38. Bxf4
Bxf4 39. Qxf4 Qxf4 40. Rxf4 Ra7 41. Re5 b4 42. Kf2 Kg7 43. Ke3 f5 44. d5
Rc8 45. Rf2 a4 46. Kd4 axb3 47. axb3 Rc3 48. Rf3 Rc2 49. g3 Kf6 50. Re6+
Kg5 51. Rb6 Kg4 52. Rd3 g5 53. Rxh6 f4 54. gxf4 gxf4 55. Rg6+ Kf5 56. Rg8
Rf7 57. Rh3 Rd2+ 58. Kc5 Rc7+ 59. Kd6 Rc3 60. Rh4 Ke4 61. Re8+ Kf3 62. Rf8
Rd4 63. Ke6 Re3+ 64. Kd6 Kg3 65. Rfh8 Red3 66. Rh3+ Kf2 67. Rh2+ Ke3 68.
Re8+ Kf3 69. Rh5 Kg4 70. Ree5 f3 71. Reg5+ Kf4 72. Kc5 f2 73. Rf5+ Ke3 74.
Rf7 Rc3+ 75. Kd6 Rf4 76. Re5+ Kf3 77. Ref5 Rxf5 78. Rxf5+ Ke2 0-1

[Event "Cambridge Int Open 2023"]
[Site "Cambridge ENG"]
[Date "2023.02.19"]
[Round "9.30"]
[White "Hutchinson, Paul A"]
[Black "Golubovic, Erik"]
[Result "0-1"]
[WhiteElo "2070"]
[BlackElo "1887"]
[EventDate "2023.02.15"]

1. d4 d5 2. Bf4 Nf6 3. e3 c5 4. Nf3 Nc6 5. Nbd2 cxd4 6. exd4 Bf5 7. c3 e6
8. Qb3 Bd6 9. Qb4 b6 10. Qxb6 Be5 11. Qb7 Bxf4 12. Qxc6+ Kf8 13. Be2 g6 14.
O-O h5 15. Nb3 Kg7 16. Qa6 Qc7 17. Rfe1 Rab8 18. Bd1 Nd7 19. Qe2 Be4 20. h3
a5 21. a4 Rb7 22. Nfd2 Bf5 23. Nf1 g5 24. g3 Bd6 25. Kg2 g4 26. h4 Rhb8 27.
Nfd2 Nf6 28. Qe3 Bg6 29. Kg1 Ng8 30. Qg5 Nh6 31. Bc2 Be7 32. Qe3 Bxc2 33.
Nc5 Bxc5 34. dxc5 Bg6 35. b3 Nf5 36. Qg5 f6 37. Qf4 Qxf4 38. gxf4 Kf7 39.
c4 Nxh4 40. cxd5 exd5 41. Rac1 Rc7 42. Re3 Rbc8 43. b4 d4 44. Rb3 axb4 45.
Rxb4 Rxc5 46. Rxc5 Rxc5 47. Rxd4 Rc1+ 48. Kh2 Rd1 49. f5 Nxf5 50. Rd7+ Ke6
51. Rd3 Nh4 52. Re3+ Kf7 53. Nb3 f5 54. Kg3 Nf3 55. a5 h4+ 56. Kf4 Nd4 57.
a6 Nxb3 58. Rxb3 Ra1 59. Rb7+ Kf6 60. Rb6+ Kg7 61. Kg5 Bf7 62. Kxh4 Ra5 63.
Kg5 Kf8 64. Rf6 Ke7 65. Rxf5 Rxa6 66. Re5+ Be6 67. Re3 Ra2 68. f4 Ra5+ 69.
Kh4 Kf6 70. Rc3 Ra8 71. Kg3 Rh8 72. Kg2 Kf5 73. Re3 Bd5+ 74. Kf2 Kxf4 75.
Ra3 g3+ 76. Ke2 g2 77. Ra4+ Be4 0-1

[Event "Cambridge Int Open 2023"]
[Site "Cambridge ENG"]
[Date "2023.02.19"]
[Round "9.5"]
[White "Grieve, Harry"]
[Black "Payne, Matthew J"]
[Result "1-0"]
[WhiteElo "2442"]
[BlackElo "2104"]
[EventDate "2023.02.15"]

1. e4 e6 2. d4 d5 3. Nc3 Nf6 4. e5 Nfd7 5. f4 c5 6. Nf3 Nc6 7. Be3 a6 8. a3
b5 9. dxc5 Bxc5 10. Bxc5 Nxc5 11. b4 Nd7 12. Bd3 Qb6 13. Qd2 f6 14. exf6
Nxf6 15. Qf2 Qxf2+ 16. Kxf2 O-O 17. Rhe1 Ng4+ 18. Kg3 Nf6 19. Kh4 Ra7 20.
Ne5 Nxe5 21. fxe5 g5+ 22. Kh3 Nh5 23. g3 Ng7 24. Rf1 Raf7 25. Rxf7 Rxf7 26.
a4 Rc7 27. axb5 Rxc3 28. bxa6 Nf5 29. a7 Bb7 30. a8=Q+ Bxa8 31. Rxa8+ Kf7
32. b5 g4+ 33. Kxg4 Ne3+ 34. Kg5 Nxc2 35. b6 Nb4 36. b7 Nc6 37. Bb5 1-0

[Event "Cambridge Int Open 2023"]
[Site "Cambridge ENG"]
[Date "2023.02.19"]
[Round "9.37"]
[White "Hutchinson, Norman A"]
[Black "Gonzales, Ceferino"]
[Result "1-0"]
[WhiteElo "1974"]
[BlackElo "1509"]
[EventDate "2023.02.15"]

1. e4 d6 2. d4 Nf6 3. Nc3 c6 4. Nf3 g6 5. Bg5 Bg7 6. Qd2 h6 7. Bf4 g5 8.
Bg3 Nh5 9. Be2 Nxg3 10. hxg3 Qa5 11. O-O Bg4 12. Rfd1 Nd7 13. a3 c5 14. b4
cxb4 15. axb4 Qd8 16. Nd5 e6 17. Ne3 Bh5 18. Nc4 Qc7 19. Ra3 Ke7 20. Rda1
a6 21. b5 Rac8 22. bxa6 d5 23. Qb4+ Nc5 24. exd5 exd5 25. Nb6 Kd8 26. Nxc8
Nxa6 27. Bxa6 Bf8 28. Qxb7 Bxa3 29. Qxd5+ Ke8 30. Rxa3 1-0

[Event "Cambridge Int Open 2023"]
[Site "Cambridge ENG"]
[Date "2023.02.19"]
[Round "9.6"]
[White "Dardha, Daniel"]
[Black "Hunt, Harriet V"]
[Result "1-0"]
[WhiteElo "2612"]
[BlackElo "2349"]
[EventDate "2023.02.15"]

1. Nf3 Nf6 2. c4 e6 3. Nc3 Bb4 4. g4 h6 5. Rg1 b6 6. Qc2 Bb7 7. g5 hxg5 8.
Nxg5 Qe7 9. Nb5 Na6 10. Bg2 Bxg2 11. Rxg2 c6 12. Nd4 Bd6 13. Ndf3 e5 14. d3
Nh5 15. Ne4 Bb4+ 16. Bd2 Bxd2+ 17. Nexd2 O-O-O 18. e3 Kb7 19. O-O-O d5 20.
d4 e4 21. Ne5 Qe6 22. a3 Rc8 23. h4 g6 24. Kb1 Nf6 25. Rh1 Rh5 26. Rg5 Rch8
27. Rxh5 Rxh5 28. cxd5 cxd5 29. Rc1 Rh8 30. Qa4 Nb8 31. Nb3 Rc8 32. Rxc8
Qxc8 33. Nxf7 Qc7 34. Ne5 Nc6 35. Nxc6 Qxc6 36. Qb4 Ka6 37. Qf8 Ne8 38. Nc1
Kb7 39. Qf7+ Nc7 40. h5 gxh5 41. Qxh5 Qf6 42. Qe2 a5 43. Na2 Qc6 44. Nc3 b5
45. Na2 Ne8 46. Nc1 a4 47. Na2 Kb6 48. Nb4 Qd6 49. Qg4 Nc7 50. Qc8 Ka7 51.
Ka2 Qb6 52. Qd7 Qb7 53. Kb1 Kb6 54. Qd6+ Ka5 55. Ka2 Qb6 56. Qd8 Qb7 57.
Ka1 Kb6 58. Qd6+ Ka5 59. Kb1 Qb6 60. Qd8 Qb7 61. Nxd5 Qxd5 62. Qxc7+ Ka6
63. Kc1 Qf5 64. Qf4 Qd5 65. Qc7 Qf5 66. Qc6+ Ka5 67. Qb7 1-0

[Event "Cambridge Int Open 2023"]
[Site "Cambridge ENG"]
[Date "2023.02.19"]
[Round "9.7"]
[White "Clarke, Brandon G I"]
[Black "Fava, Lorenzo"]
[Result "1-0"]
[WhiteElo "2473"]
[BlackElo "2089"]
[EventDate "2023.02.15"]

1. e4 g6 2. d4 Bg7 3. Nc3 d6 4. f4 Nf6 5. Bd3 O-O 6. Nf3 Nc6 7. e5 dxe5 8.
fxe5 Nh5 9. Be3 Bg4 10. Be2 f6 11. exf6 exf6 12. d5 Ne7 13. Qd3 Nf5 14. Bd2
Bh6 15. Bxh6 Nxh6 16. Qd2 Nf7 17. O-O-O Bxf3 18. Bxf3 Ng7 19. h4 Ne5 20.
Be2 Nf5 21. Ne4 Qe7 22. h5 g5 23. Rhf1 Nd6 24. Nxf6+ Kh8 25. Ng4 Nxg4 26.
Bxg4 Rxf1 27. Rxf1 Qg7 28. Be6 h6 29. g4 Rf8 30. Rxf8+ Qxf8 31. Qd4+ Kh7
32. Kd2 b6 33. a3 Qg7 34. Ke3 Qe7 35. b3 c5 36. Qe5 Qg7 37. Bf5+ Nxf5+ 38.
Qxf5+ Kh8 39. Ke2 Qd4 40. Qf8+ Kh7 41. Qf7+ Kh8 42. Qe8+ Kg7 43. Qg6+ Kf8
44. Qxh6+ Kf7 45. Qe6+ Kg7 46. d6 Qf4 47. d7 Qh2+ 48. Kd3 Qg3+ 49. Kc4 a6
50. Qg6+ 1-0

[Event "Cambridge Int Open 2023"]
[Site "Cambridge ENG"]
[Date "2023.02.19"]
[Round "9.4"]
[White "Dong, Bao Nghia"]
[Black "Czopor, Maciej"]
[Result "1-0"]
[WhiteElo "2361"]
[BlackElo "2412"]
[EventDate "2023.02.15"]

1. g3 Nf6 2. Bg2 d5 3. d4 c5 4. dxc5 e6 5. a3 Bxc5 6. Nf3 O-O 7. O-O a5 8.
Nc3 h6 9. Ne5 Nc6 10. Nd3 Bd4 11. Bd2 e5 12. e3 Ba7 13. e4 Bg4 14. Qb1 dxe4
15. Nxe4 Re8 16. Be3 Nd4 17. Bxd4 Bxd4 18. Qe1 Rc8 19. Rc1 Nxe4 20. Qxe4
Qd7 21. Qxb7 Qxb7 22. Bxb7 Rb8 23. Be4 f5 24. Bd5+ Kh7 25. c3 Ba7 26. Rc2
e4 27. Nc1 Red8 28. c4 Rbc8 29. Rc3 Bd4 30. Rb3 a4 31. Rb4 e3 32. Kg2 exf2
33. h3 Bh5 34. Rxa4 Re8 35. Rxf2 Bxf2 36. Kxf2 g5 37. Ra7+ Kh8 38. b4 Re5
39. b5 Rxd5 40. cxd5 Rxc1 41. b6 Rb1 42. b7 Be8 43. d6 Kg8 44. d7 Bxd7 45.
Ra8+ Kf7 46. b8=Q Rxb8 47. Rxb8 h5 48. Rb4 Ke6 49. a4 Kd6 50. a5 Kc5 51.
Rb8 Bb5 52. h4 gxh4 53. gxh4 Bd3 54. Ke3 Bb5 55. Kf4 1-0

[Event "Cambridge Int Open 2023"]
[Site "Cambridge ENG"]
[Date "2023.02.19"]
[Round "9.18"]
[White "Patel, Zain"]
[Black "Mihalik, Agoston"]
[Result "1/2-1/2"]
[WhiteElo "1890"]
[BlackElo "2142"]
[EventDate "2023.02.15"]

1. Nf3 d5 2. e3 Nf6 3. b3 e6 4. Bb2 c5 5. d4 cxd4 6. exd4 Bd6 7. Bd3 O-O 8.
O-O b6 9. Nbd2 Nc6 10. a3 a5 11. Qe2 Nh5 12. g3 g6 13. Ne5 Qc7 14. c4 Nxe5
15. dxe5 Bc5 16. Rac1 Qe7 17. a4 Ng7 18. Nf3 Bb7 19. cxd5 Bxd5 20. Be4 Rad8
21. Bxd5 exd5 22. Rfe1 Ne6 23. Qd3 Rd7 24. Bd4 Rb8 25. Rcd1 Qd8 26. Qe3 Qc7
27. Qh6 Bf8 28. Qh4 Be7 29. Qh6 Bf8 30. Qh4 Be7 31. Qh6 1/2-1/2

[Event "Cambridge Int Open 2023"]
[Site "Cambridge ENG"]
[Date "2023.02.19"]
[Round "9.34"]
[White "Banerjee, Supratit"]
[Black "Matthews, Adrian M S"]
[Result "1-0"]
[WhiteElo "1740"]
[BlackElo "1781"]
[EventDate "2023.02.15"]

1. e4 c5 2. c3 d5 3. exd5 Qxd5 4. d4 Nf6 5. Nf3 Bg4 6. Be2 e6 7. O-O Be7 8.
c4 Qd8 9. Be3 cxd4 10. Nxd4 Bxe2 11. Qxe2 O-O 12. Nc3 Qc8 13. Rfd1 Nc6 14.
Rac1 Rd8 15. Rc2 Ne5 16. b3 Neg4 17. h3 Nxe3 18. Qxe3 Bc5 19. Rcd2 h6 20.
Ne4 Nxe4 21. Qxe4 Bb6 22. Nb5 Rxd2 23. Rxd2 Ba5 24. Rd3 Bb6 25. Nd6 Qc5 26.
Qf3 Rd8 27. Qxf7+ Kh7 28. Ne4 Qe5 29. Rxd8 Bxd8 30. Qxb7 Qa1+ 31. Kh2 Qe5+
32. Ng3 Bb6 33. Qe4+ Qxe4 34. Nxe4 Kg6 35. g4 h5 36. b4 Bc7+ 37. Kg2 hxg4
38. hxg4 Kf7 39. Kf3 e5 40. Ke3 Ke6 41. a4 a5 42. b5 Bd8 43. Nc5+ Kf6 44.
Ke4 Be7 45. Nd7+ Ke6 46. Nxe5 Bd6 47. Nd3 Be7 48. c5 1-0

[Event "Cambridge Int Open 2023"]
[Site "Cambridge ENG"]
[Date "2023.02.19"]
[Round "9.39"]
[White "Latypova, Olga L"]
[Black "Keerthi Kumar, Advait"]
[Result "1-0"]
[WhiteElo "1754"]
[BlackElo "1483"]
[EventDate "2023.02.15"]

1. e4 c5 2. Nf3 Nc6 3. d4 cxd4 4. Nxd4 Nf6 5. Nc3 d6 6. f3 g6 7. Be3 Bg7 8.
Qd2 O-O 9. O-O-O d5 10. exd5 Nxd5 11. Nxc6 bxc6 12. Nxd5 cxd5 13. Bh6 Be6
14. Bxg7 Kxg7 15. Qd4+ Kg8 16. g4 Qc7 17. h4 Rac8 18. Qd2 a5 19. h5 a4 20.
hxg6 fxg6 21. Bd3 a3 22. Kb1 Qe5 23. c3 Rb8 24. b3 Qf4 25. Qxf4 Rxf4 26.
Rhe1 Kf7 27. Rh1 Kg7 28. Rde1 Rb6 29. Re3 Bf7 30. Be2 e6 31. Kc2 Rc6 32.
Rd3 e5 33. Rdd1 g5 34. Rhf1 Bg6+ 35. Kd2 e4 36. fxe4 dxe4 37. c4 Re6 38.
Ke3 Rxf1 39. Rxf1 Rb6 40. Rd1 Kf6 41. Rd8 Ke7 42. Ra8 Kd6 43. Rxa3 h6 44.
Ra8 Kc5 45. Ra5+ Kb4 46. Rb5+ Rxb5 47. cxb5 Kc5 48. b4+ Kb6 49. a4 Bh7 50.
a5+ Kb7 51. Bc4 Bg6 52. Bd5+ Ka7 53. Bxe4 Be8 54. b6+ Kb8 55. a6 1-0

[Event "Cambridge Int Open 2023"]
[Site "Cambridge ENG"]
[Date "2023.02.19"]
[Round "9.27"]
[White "Pert, Nina P"]
[Black "Smart, Michael R"]
[Result "1-0"]
[WhiteElo "2009"]
[BlackElo "1957"]
[EventDate "2023.02.15"]

1. e4 Nf6 2. e5 Nd5 3. Nc3 c6 4. Nf3 d6 5. exd6 Qxd6 6. Ne4 Qg6 7. Ng3 Bg4
8. d3 Nd7 9. Be2 O-O-O 10. c3 Bxf3 11. Bxf3 Nc5 12. Ne4 Nxe4 13. Bxe4 f5
14. Bf3 e5 15. Qe2 Nf6 16. g3 Bd6 17. Be3 e4 18. dxe4 fxe4 19. Bg2 Kb8 20.
O-O-O Rhe8 21. Rhe1 Nd5 22. Bd2 e3 23. fxe3 Rxe3 24. Bxe3 Nxc3 25. Qc2 1-0

[Event "Cambridge Int Open 2023"]
[Site "Cambridge ENG"]
[Date "2023.02.19"]
[Round "9.42"]
[White "Kent, Rowan"]
[Black "Norris, Anthony"]
[Result "1/2-1/2"]
[WhiteElo "1247"]
[BlackElo "1917"]
[EventDate "2023.02.15"]

1. e4 c5 2. Nf3 g6 3. d4 cxd4 4. Nxd4 Nc6 5. c4 d6 6. Nc3 Nf6 7. Be2 Nxd4
8. Qxd4 Bg7 9. Be3 O-O 10. Qd2 a5 11. f3 a4 12. O-O Be6 13. Nd5 Nd7 14. Bd4
Bxd4+ 15. Qxd4 Bxd5 16. cxd5 Qb6 17. Qxb6 Nxb6 18. a3 Rfc8 19. Rac1 Kg7 20.
Kf2 Nd7 21. Ke3 Nc5 22. Rfd1 g5 23. Rd4 Ra5 24. Rb4 Rca8 25. g4 Kf6 26. Bb5
h5 27. h3 Ke5 28. Rcc4 h4 29. Rd4 Rc8 30. Rdc4 Rca8 31. Rd4 Nb3 32. Rdc4
Nc5 1/2-1/2